书目信息 |
| 题名: |
中国休闲农业年鉴
|
|
| 作者: | ;农业部 主编 | |
| 分册: | 2017 | |
| 出版信息: | 北京 中国农业出版社 2018.01 |
|
| 页数: | 319页 | |
| 开本: | 27cm | |
| 丛书名: | ||
| 单 册: | ||
| 中图分类: | F323.4-54 | |
| 科图分类: | ||
| 主题词: | 观光农业--guan guang nong ye--中国--2017--年鉴 | |
| 电子资源: | ||
| ISBN: | 978-7-109-24060-5 | |
| 000 | 00924nas 2200241 450 | |
| 001 | 202019134691 | |
| 005 | 20191002113834.0 | |
| 010 | @a978-7-109-24060-5@b精装@dCNY300.00 | |
| 100 | @a20190930d2018 emky0chiy50 ea | |
| 101 | 0 | @achi |
| 102 | @aCN@b110000 | |
| 105 | @aak z 001yy | |
| 106 | @ar | |
| 200 | 1 | @a中国休闲农业年鉴@Azhong guo xiu xian nong ye nian jian@h2017@f农业部农产品加工局 (乡镇企业局) 主编 |
| 210 | @a北京@c中国农业出版社@d2018.01 | |
| 215 | @a319页@c彩图@d27cm | |
| 320 | @a有索引 | |
| 330 | @a本书主要内容包括: 发展概况、各地概况、国外发展概况及动向、全国休闲农业与乡村旅游示范县、示范点、领导讲话、法律法规与规范性文件、统计资料、附录、索引。 | |
| 606 | 0 | @a观光农业@Aguan guang nong ye@y中国@z2017@j年鉴 |
| 690 | @aF323.4-54@v5 | |
| 711 | 02 | @a农业部@Anong ye bu@b农产品加工局@Bnong chan pin jia gong ju@4主编 |
| 801 | 0 | @aCN@c20190905 |
| 905 | @a河南城建学院图书馆@dF323.4-54@eN868:2017 | |
| 中国休闲农业年鉴.2017/农业部农产品加工局 (乡镇企业局) 主编.-北京:中国农业出版社,2018.01 |
| 319页:彩图;27cm |
| ISBN 978-7-109-24060-5(精装):CNY300.00 |
| 本书主要内容包括: 发展概况、各地概况、国外发展概况及动向、全国休闲农业与乡村旅游示范县、示范点、领导讲话、法律法规与规范性文件、统计资料、附录、索引。 |
| ● |
| 相关链接 |
|
|
|
正题名:中国休闲农业年鉴
索取号:F323.4-54/N868:2017
 
预约/预借
| 序号 | 登录号 | 条形码 | 馆藏地/架位号 | 状态 | 备注 |
| 1 | 1442769 | 214427690 | 社科库409/409社科库 33排3列3层/ [索取号:F323.4-54/N868:2017] | 在馆 |